000 01637nam a22002777i 4500
999 _c23653
_d23653
003 AR-CdUCM
008 260428b2014 sp d|||| |||| 00| 0 spa d
020 _a978-5-396-00517-4
040 _aMUNICIPALIDAD PROVINCIAL DEL CUSCO
_cBIBLIOTECA MUNICIPAL DEL CUSCO
041 _hspa
082 _a510
_bG91 / t.2
100 _aGuik, Yevgueni
_952766
245 _aMatemática en el tablero de ajedrez :
_bJuegos matemáticos en el tablero de ajedrez /
260 _aEspaña :
_bKRASAND
_c2014
300 _a202 páginas. :
_c15x21,5 cm.
505 _aIntroducción a la matemática en el ajedrez -- Estructura y propiedades del tablero de ajedrez -- Movimientos y combinaciones de piezas -- Problemas clásicos del ajedrez matemático -- El recorrido del caballo -- El problema de las ocho damas -- Permutaciones y combinatoria en el ajedrez -- Análisis geométrico del tablero -- Juegos recreativos basados en el ajedrez -- Ajedrez no convencional (variantes del tablero) -- Sistemas de torneos y métodos de puntuación -- Estrategias matemáticas en el juego -- Aplicaciones de la teoría de grafos al ajedrez -- Uso de la informática en el análisis ajedrecístico -- Problemas y ejercicios propuestos
650 _aAspectos matemáticos
_952767
650 _aMatemática recreativa
_952768
650 _aTeoría de juegos (Matemáticas)
_952769
650 _aCombinatoria
_952770
650 _aTeoría de grafos
_941933
650 _aProblemas y acertijos matemáticos
_952771
700 _aNavarro Hernández, Carlos Daniel (traductor de ruso al español)
_952772
942 _2ddc
_cLIBROS
945 _aesh
_d28-04-2026